Estatísticas para Participantes da Copa Libertadores 2016/Participantes en la Copa Libertadores 2016

Clique aqui para jogar o quiz

Estatísticas Gerais

  • Esse quiz foi jogado 79 vezes
  • A pontuação média é 25 de 32

Estatísticas das Respostas

GrupoCidade, País/Ciudad, PaísTime/Equipo% Correto
1Buenos Aires, ArgentinaRiver Plate
100%
2Montevideo, UruguayRiver Plate
100%
1São Paulo, BrasilSão Paulo
100%
3Buenos Aires, ArgentinaBoca Juniors
97%
8São Paulo, BrasilCorinthians
94%
2Rosario, ArgentinaRosario Central
94%
5Belo Horizonte, BrasilAtlético Mineiro
92%
2São Paulo, BrasilPalmeiras
92%
3Avellaneda, ArgentinaRacing
92%
6Porto Alegre, BrasilGrêmio
91%
2Montevideo, UruguayNacional
91%
4Montevideo, UruguayPeñarol
89%
6Quito, EcuadorLDU
88%
4Medellín, ColombiaAtlético Nacional
86%
3La Paz, BoliviaBolívar
86%
7Asunción, ParaguayOlimpia
86%
6Toluca, MéxicoToluca
84%
5Santiago, ChileColo-Colo
78%
1La Paz, BoliviaThe Strongest
78%
8Asunción, ParaguayCerro Porteño
75%
3Cali, ColombiaDeportivo Cali
73%
6Buenos Aires, ArgentinaSan Lorenzo
72%
4Lima, PeruSporting Cristal
70%
7Guayaquil, EcuadorEmelec
67%
8Bogotá, ColombiaSanta Fé
61%
5Sangolquí, EcuadorIndependiente del Valle
59%
8El Salvador, ChileCobresal
52%
7San Cristóbal, VenezuelaDeportivo Táchira
52%
4Buenos Aires, ArgentinaHuracán
52%
7Ciudad de México, MéxicoPumas
47%
5Arequipa, PeruMelgar
45%
1Valera, VenezuelaTrujillanos
42%

Distribuição das Pontuações

Percentil de Números Respondidos

Porcentagem de Pessoas com Cada Pontuação

Sua Pontuação Histórica

Você não jogou esse quiz